| 000 | 01434cam a22004217a 4500 | ||
|---|---|---|---|
| 003 | CHAP | ||
| 005 | 20240507102211.0 | ||
| 008 | 040924d2004 mx a r 00110 spa d | ||
| 010 | _a88849 | ||
| 011 | _a89821 | ||
| 035 | _a100372 | ||
| 040 | _cCHAP | ||
| 090 | _aTesis | ||
| 100 | 0 | 0 |
_aEnríquez Peña, Alonso. _937049 |
| 245 | 1 | 0 |
_aEvaluación del desafilado de cinco sierras banda en el aserrío de cuatro especies de encino _c/por Alonso Enríquez Peña |
| 260 |
_aChapingo, Méx. : _bEl autor, _c2004. |
||
| 300 |
_a52 h. : _bilus.; gráfs.; cuadros |
||
| 502 | _aTesis (Ing. Forestal ) -- UACH. División de Ciencias Forestales | ||
| 590 |
_aALEPH _b10 _c20130110 |
||
| 590 |
_aBATCH-UPD _b10 _c20130110 |
||
| 590 |
_aBATCH-UPD _b10 _c20130110 |
||
| 590 |
_aBATCH-UPD _b10 _c20130410 |
||
| 590 |
_aBATCH-UPD _b10 _c20130914 |
||
| 590 |
_aCONVERSION _b10 _c20130109 |
||
| 650 | 1 | 4 |
_aAserraderos. _97892 |
| 650 | 1 | 4 |
_aIndustria maderera _xHidalgo. _957884 |
| 650 | 1 | 4 |
_aIndustria maderera _xOaxaca. _957889 |
| 650 | 1 | 4 |
_aMadera aserrada. _969637 |
| 650 | 1 | 4 |
_aMaquinaria forestal. _971212 |
| 650 | 1 | 4 |
_aQuercus. _993173 |
| 650 | 1 | 4 |
_aSierras. _9105875 |
| 856 |
_uhttp://10.13.5.2/tesis/100372.pdf _yDESCARGAR PDF |
||
| 901 | _aBK | ||
| 905 | _aElisama A. H. | ||
| 942 |
_cFOLL _2ddc |
||
| 949 |
_aTesis _bBC _cTES _d100372 _eTS1 _h42483 _i100372 _sb |
||
| 949 |
_aTesis _bBC _cTES _d33724000923603 _eTS2 _fc.2 _h42484 _i100372 _si |
||
| 999 |
_c88849 _d88849 |
||